| 000 | 00751nam a22001817a 4500 | ||
|---|---|---|---|
| 005 | 20260218160439.0 | ||
| 010 | _aHIN-131035 | ||
| 020 |
_a9789349162716 _c275.00 |
||
| 035 | _aHN-103381 | ||
| 037 | _bDBAD | ||
| 082 | _aउ | ||
| 100 |
_aकुलश्रेष्ठ, मनीषा _987414 |
||
| 245 |
_aकिनाया: _cमनीषा कुलश्रेष्ठ _bतीसरे पहर की सिम्फनी / |
||
| 260 |
_aदिल्ली _bराजपाल एण्ड सन्ज _c2026 |
||
| 270 |
_a1590, मदरसा रोड, कश्मीरी गेट, _bदिल्ली _e110006 |
||
| 300 |
_a142पृ. _c22सेमी(अजिल्द} |
||
| 942 |
_2ddc _cHN _hउ _mकुलश्रे |
||
| 999 |
_c214692 _d214692 |
||